Estudio de prefactibilidad para la producción de CO2 comercial a partir de las descargas del Campo Geotérmico Miravalles

Uloženo v:
Podrobná bibliografie
Hlavní autor: Castro Muñoz, Iván
Médium: Kniha
Vydáno: San José, C.R. 1998
Témata:
Tagy: Přidat tag
Žádné tagy, Buďte první, kdo vytvoří štítek k tomuto záznamu!

MARC

LEADER 00000nam a2200000Ia 4500
003 008603
005 20221231144222.0
008 140114s1998 cr a m 000 ||s d
040 |c cru CEDI 
090 |a TFG 3874 
100 |a Castro Muñoz, Iván  |9 8936 
245 |a Estudio de prefactibilidad para la producción de CO2 comercial a partir de las descargas del Campo Geotérmico Miravalles 
260 |c 1998  |a  San José, C.R. 
300 |a  ix, 111 hojas : ilustraciones a color  
500 |a Proyecto de graduación(licenciatura en ingeniería química)--Universidad de Costa Rica. Facultad de Ingeniería. Escuela de Ingeniería Química 
650 |x PLANTA GEOTERMICA DE MIRAVALLES (GUANACASTE, COSTA RICA)   |x DIOXIDO DE CARBONO - INVESTIGACIONES   |x DIOXIDO DE CARBONO - ASPECTOS ECONOMICOS  |9 8937 
942 |c TFG 
999 |c 18600  |d 18600